zpět

Detail výsledku týmu

The Pub Praha 2 PO, Praha

Datum a čas kvízu

41 Celkem bodů Celkový počet nahraných bodů na tomto kvízu bez doplňovacích otázek.
2. Pořadí na kvízu Konečné umístění týmu na tomto kvízu.

Zaznamenané odpovědi

# Otázka Odpověď Body Výsledky
1. Předseda Nejvyššího soudu přij... Pavel Šámal 1
2. Jistá evropská země má od minu... o Finsku 1
3. V pondělí nás ve věku 61 let o... Marie Fredriksson, Per Gessle 1
4. Moneta Money Bank podepsala sm... Wüstenrot 1
5. Slavia Praha se rozloučila s L... Tomáš Souček 1
6. Podíváme se na hlášky z různýc... přilepšit si 1
7. "Šaty s ___ ___ vyšívané, ale... vlečkou stříbrem 1
8. Ty knedlíky připomínají vajíčk... mořské želvy 1
9. „Prase počká. Ty jsi přednější... Pandrholo 1
10. "Žvejka to je hrozný hnus, žve... Willy Wonka 1